Faculty of Law Library — Cairo University

Official Online Catalog

Curso De Derecho Penal Venezolano : (Record no. 74659)

MARC details
000 -LEADER
fixed length control field 01022nam a2200301 i 4500
003 - CONTROL NUMBER IDENTIFIER
control field EG-GICUC
005 - DATE AND TIME OF LATEST TRANSACTION
control field 20260501195102.0
008 - FIXED-LENGTH DATA ELEMENTS--GENERAL INFORMATION
fixed length control field 260501s1964 ve ||||fr|||| 000 0 spa d
040 ## - CATALOGING SOURCE
Original cataloging agency EG-GiCUC
Language of cataloging spa
Transcribing agency EG-GiCUC
Modifying agency EG-GiCUC
Description conventions rda
082 04 - DEWEY DECIMAL CLASSIFICATION NUMBER
Edition number 21
Classification number 343.23087
Item number ME . C
092 04 - LOCALLY ASSIGNED DEWEY CALL NUMBER (OCLC)
Edition number 21
099 ## - LOCAL FREE-TEXT CALL NUMBER (OCLC)
Classification number Law1 10 343.23087 ME . C 1964
100 1# - MAIN ENTRY--PERSONAL NAME
Personal name Mendozat, Jose Rafael
Relator term Author.
245 10 - TITLE STATEMENT
Title Curso De Derecho Penal Venezolano :
Remainder of title De La Parte Especial De Los Delitos Contra Las Personas. Copy to Clipboard Share Download Text Clear.
Number of part/section of a work Tomo IV /
Statement of responsibility, etc. Jose Rafael Mendozat.
250 ## - EDITION STATEMENT
Edition statement 1a. Edición
264 #1 - PRODUCTION, PUBLICATION, DISTRIBUTION, MANUFACTURE, AND COPYRIGHT NOTICE
Place of production, publication, distribution, manufacture Caracas :
Name of producer, publisher, distributor, manufacturer Empresa El Cojo,
Date of production, publication, distribution, manufacture, or copyright notice 1964.
300 ## - PHYSICAL DESCRIPTION
Extent 428pages :
Other physical details illustrations,
Dimensions 24 cm
336 ## - CONTENT TYPE
Source rda content
Content type term text
337 ## - MEDIA TYPE
Source rda media
Media type term Computer
338 ## - CARRIER TYPE
Source rda carrier
Carrier type term Online Resource
504 ## - BIBLIOGRAPHY, ETC. NOTE
Bibliography, etc. note
546 ## - LANGUAGE NOTE
Language note Text in Spanish
650 14 - SUBJECT ADDED ENTRY--TOPICAL TERM
Topical term or geographic name entry element Criminal law
Source of heading or term
651 1# - SUBJECT ADDED ENTRY--GEOGRAPHIC NAME
Source of heading or term
856 40 - ELECTRONIC LOCATION AND ACCESS
Uniform Resource Identifier <a href="https://fll.law.cu.edu.eg/fulltext/bks/B10-10825.pdf">https://fll.law.cu.edu.eg/fulltext/bks/B10-10825.pdf</a>
905 ## - Cataloger and Reviser Names
Cataloger Name: Dina
942 ## - ADDED ENTRY ELEMENTS (KOHA)
Source of classification or shelving scheme Dewey Decimal Classification
Koha item type Books
Edition 21
Suppress in OPAC No
Holdings
Withdrawn status Lost status Source of classification or shelving scheme Materials specified (bound volume or other part) Damaged status Not for loan Collection Home library Current library Date acquired Total checkouts Full call number Barcode Date last seen Copy number Price effective from Koha item type
    Dewey Decimal Classification V4   Not for loan القانون الجنائي جــــامعة القــاهرة مكتبة كلية الحقوق - المبنى الرئيسي 01.05.2026   Law1 10 343.23087 ME . C 1 ed - 1964 1010825 V4, C1 B10-10825 01.05.2026 1 01.05.2026 Books

© All rights reserved — Faculty of Law, Cairo University